| 000 | 00555nam a22001937a 4500 | ||
|---|---|---|---|
| 005 | 20250724154431.0 | ||
| 010 | _aENG-146146 | ||
| 020 |
_c350.00 _a9789348892201 |
||
| 035 | _aEN-129678 | ||
| 037 | _bDBAD | ||
| 082 |
_a881 _21 |
||
| 100 |
_aGanguli, Spondon _983325 |
||
| 245 |
_aBeneath the Sky Between the Line/ _cSpondon Ganguli |
||
| 250 | _a1 | ||
| 260 |
_aKolkata _bExceller Books _c2024 |
||
| 270 |
_aG1 Dream Apartment, Degree College Road _b Belgharia,Kolkata |
||
| 300 |
_a97p. _c22cm(pb) |
||
| 942 |
_2ddc _cEN _mGAN _h881 |
||
| 999 |
_c212599 _d212599 |
||